Govt. of
Madhya Pradesh

Builders of modern india K.B. Hedgewar (Record no. 68910)

MARC details
000 -LEADER
fixed length control field 00297nam a22001217a 4500
020 ## - INTERNATIONAL STANDARD BOOK NUMBER
ISBN 978-81-953219-6-4
082 ## - DEWEY DECIMAL CLASSIFICATION NUMBER
Classification number 920/KUM
100 ## - MAIN ENTRY--AUTHOR NAME
Personal name Kumar,Dr Ravinder
245 ## - TITLE STATEMENT
Title Builders of modern india K.B. Hedgewar
260 ## - PUBLICATION, DISTRIBUTION, ETC. (IMPRINT)
Place of publication Delhi
Name of publisher Keshav books
Year of publication 2021
650 ## - SUBJECT ADDED ENTRY--TOPICAL TERM
Topical Term Biography
942 ## - ADDED ENTRY ELEMENTS (KOHA)
Koha item type Books
Holdings
Withdrawn status Lost status Damaged status Not for loan Home library Current library Date acquired Cost, normal purchase price Full call number Accession Number Price effective from Koha item type
        MACL MACL 02/04/2026 995.00 920/KUM CRE040403 02/04/2026 Books